000 00381nam a2200157Ia 4500
008 231217s9999 xx 000 0 und d
041 _aEnglish
082 _a001.6424WIN BAR
100 _aBarkakati, Nabajyoti
245 0 _aX Window system programming
250 _a2nd ed.
260 _c1994
_bNew Delhi : PHI,
300 _axxiv+980
650 _aX window
942 _cAA
999 _c165261
_d165261